[Event "Airthings Masters - Torneo Preliminare"]
[Site "Internet"]
[Date "03.02.2023"]
[Round "9"]
[White "Yakubboev, Nodirbek"]
[Black "Bluebaum, Matthias"]
[Result "1/2-1/2"]
[WhiteTitle ""]
[BlackTitle ""]
[WhiteElo "2630"]
[BlackElo "2663"]
[WhiteFideId "14203987"]
[BlackFideId "24651516"]
[EventDate "2023.02.03"]

1. c4 e6 2. g3 d5 3. Bg2 Nf6 4. Nf3 Nc6 5. d4 Bd6 6. O-O O-O 7. Nbd2 a5 8. a3 a4
9. Qc2 Bd7 10. Re1 Na5 11. c5 Be7 12. Ne5 Bb5 13. Rb1 h6 14. Ndf3 Nb3 15. Be3
Ne4 16. Rbd1 b6 17. c6 Na5 18. Bh3 Bd6 19. Bd2 Nxd2 20. Rxd2 Bxe5 21. Nxe5 Qd6
22. e4 Nb3 23. Rdd1 Nxd4 24. Rxd4 Qxe5 25. Qc3 Bc4 26. Rxc4 Qh5 27. exd5 Qxh3
28. dxe6 fxe6 29. Qe5 Rad8 30. Qxc7 Kh7 31. Rf4 Rc8 32. Qe5 Rxf4 33. Qxf4 Qf5
34. Qxa4 b5 35. Qa6 Rf8 36. Qb6 Qc2 37. c7 Rf7 38. c8=Q Qxc8 39. Qxb5 Rb7 40.
Qd3+ Kh8 41. b4 Ra7 42. Re3 Qc1+ 43. Kg2 Qc6+ 44. Qe4 Qxe4+ 45. Rxe4 Rxa3 46.
Rxe6 Rb3 47. Re4 g5 48. h4 Kg7 49. hxg5 hxg5 50. g4 Kf6 51. Kf1 Rb2 52. Kg2 Rb3
53. f3 Rb2+ 54. Kg3 Kf7 55. Re5 Kf6 56. Rf5+ Kg6 57. b5 Kh6 58. Rc5 Kg6 59. Rc6+
Kg7 60. Rc5 Kg6 61. Rd5 Kf6 62. Rf5+ Kg6 63. Rc5 Kf6 64. Rc6+ Kg7 65. b6 Kf7 66.
Rc7+ Kf6 67. b7 Kg6 68. Rd7 Kf6 69. Rh7 Kg6 70. Rc7 Kf6 71. Rc6+ Kf7 72. Rc5 Kg6
73. Rc7 Kf6 74. Rc6+ Kf7 75. Rc7+ Kf6 1/2-1/2

[Event "Airthings Masters - Torneo Preliminare"]
[Site "Internet"]
[Date "03.02.2023"]
[Round "9"]
[White "Vidit, Santosh Gujrathi"]
[Black "Kovalenko, Igor"]
[Result "1-0"]
[WhiteTitle ""]
[BlackTitle ""]
[WhiteElo "2730"]
[BlackElo "2674"]
[WhiteFideId "5029465"]
[BlackFideId "14117908"]
[EventDate "2023.02.03"]

1. d4 Nf6 2. c4 g6 3. Nc3 Bg7 4. e4 d6 5. Nf3 Bg4 6. Be2 Nfd7 7. Be3 Nc6 8. Ng1
Bxe2 9. Ngxe2 e5 10. d5 Ne7 11. O-O f5 12. exf5 Nxf5 13. Ng3 O-O 14. Bd2 Qh4 15.
Nge4 h6 16. f3 Rf7 17. Nb5 Qd8 18. Rc1 b6 19. b4 a6 20. Nbc3 a5 21. a3 Kh7 22.
Nb5 axb4 23. axb4 Nd4 24. Nbc3 Nf5 25. Ra1 Nf6 26. Rxa8 Qxa8 27. Qa1 Qc8 28.
Nxf6+ Bxf6 29. Ne4 Qb7 30. Qa4 Kg7 31. Ra1 Qc8 32. Qa8 Qd7 33. Ra7 Qe7 34. Qc8
Qd8 35. Qb7 Qe7 36. Ra8 g5 37. Qc8 Kg6 38. h3 Bg7 39. Qe8 Nd4 40. Qxe7 Rxe7 41.
Kf2 Rf7 42. Ra7 Bf8 43. Bc3 Nf5 44. Bd2 Nd4 45. Nc3 c5 46. Ra6 cxb4 47. Ne4 Rc7
48. Rxb6 Rxc4 49. Bxb4 Rc2+ 50. Kf1 Rc1+ 51. Kf2 Rc2+ 52. Bd2 Nf5 53. Ke2 Ra2
54. Kd3 Kf7 55. g4 Ra3+ 56. Kc4 Nh4 57. Bb4 Rxf3 58. Bxd6 Rf4 59. Kd3 Rf3+ 60.
Ke2 Rf4 61. Kd3 Rf3+ 62. Kc2 Rf4 63. Rb7+ Kg6 64. Bxf8 Rxe4 65. d6 Rc4+ 66. Kb3
Rc1 67. Kb2 Rd1 68. d7 e4 69. Rb6+ Kf7 70. Bd6 1-0

[Event "Airthings Masters - Torneo Preliminare"]
[Site "Internet"]
[Date "03.02.2023"]
[Round "9"]
[White "Tristan, Leonardo"]
[Black "Swiercz, Dariusz"]
[Result "0-1"]
[WhiteTitle ""]
[BlackTitle ""]
[WhiteElo "2545"]
[BlackElo "2646"]
[WhiteFideId "113816"]
[BlackFideId "1126881"]
[EventDate "2023.02.03"]

1. d4 Nf6 2. c4 e6 3. Nc3 Bb4 4. Qc2 d5 5. cxd5 exd5 6. Bg5 h6 7. Bh4 O-O 8. e3
c5 9. dxc5 Be6 10. Nf3 Nbd7 11. Nd4 Nxc5 12. a3 Bxc3+ 13. Qxc3 Rc8 14. f3 g5 15.
Bg3 Nh5 16. Qd2 Nxg3 17. hxg3 Qf6 18. Bd3 Rfe8 19. Bc2 Bd7 20. Kf2 Ba4 21. Bf5
Ne6 22. Bxe6 fxe6 23. Rhc1 e5 24. Ne2 Bc6 25. Kg1 Rcd8 26. a4 d4 27. e4 g4 28.
Qd3 gxf3 29. gxf3 Rf8 30. Kg2 Qg6 31. b4 Rd6 32. b5 Bd7 33. Rc5 Rdf6 34. Rf1 Qh5
35. Nf4 Rxf4 36. gxf4 Bh3+ 37. Kf2 Qh4+ 38. Ke2 Bxf1+ 39. Kxf1 Qxf4 40. Ke2 Qh2+
41. Kd1 Kh8 42. Qd2 Qh1+ 43. Kc2 Rxf3 44. Rxe5 d3+ 45. Kb3 Qb1+ 46. Ka3 Qa1+ 0-1

[Event "Airthings Masters - Torneo Preliminare"]
[Site "Internet"]
[Date "03.02.2023"]
[Round "9"]
[White "Perez Ponsa, Federico"]
[Black "Ter-Sahakyan, Samvel"]
[Result "1/2-1/2"]
[WhiteTitle ""]
[BlackTitle ""]
[WhiteElo "2532"]
[BlackElo "2616"]
[WhiteFideId "117927"]
[BlackFideId "13302531"]
[EventDate "2023.02.03"]

1. e4 c5 2. Nf3 Nc6 3. Bb5 Nf6 4. e5 Nd5 5. Nc3 Nc7 6. Bxc6 dxc6 7. d3 Bg4 8. h3
Bh5 9. Ne4 e6 10. c4 h6 11. Bf4 Be7 12. Qe2 O-O 13. g4 Bg6 14. h4 b5 15. O-O-O
Na6 16. h5 Bh7 17. g5 hxg5 18. Nfxg5 Bf5 19. Rdg1 Nb4 20. Rg3 Nxa2+ 21. Kb1 Nb4
22. Rhg1 Qa5 23. Nc3 Nxd3 24. Nge4 Nxf4 25. Rxg7+ Kh8 26. Qe3 Rg8 27. Rxg8+ Rxg8
28. Rxg8+ Kxg8 29. Qxf4 Qd8 30. Kc1 Qd3 31. Qg3+ Qxg3 32. Nxg3 Bd3 33. cxb5 cxb5
34. Kd2 Bc4 35. b3 Bxb3 36. Nxb5 a5 37. Ne4 Bd5 38. Ned6 Kg7 39. f4 Bf3 40. h6+
Kxh6 41. Nxf7+ Kg6 42. Nfd6 Bc6 43. Nc7 Bxd6 44. exd6 Kf5 45. Na6 c4 46. Nc5 a4
47. Kc3 a3 48. d7 Bxd7 49. Nxd7 Kxf4 50. Nb6 a2 51. Kb2 c3+ 52. Kxa2 Ke3 53. Kb3
Kd3 54. Na4 c2 55. Nb2+ Kd2 56. Nc4+ Kd3 57. Nb2+ Kd2 58. Nc4+ Kd3 59. Nb2+ 1/2-1/2

[Event "Airthings Masters - Torneo Preliminare"]
[Site "Internet"]
[Date "03.02.2023"]
[Round "9"]
[White "Tomashevsky, Evgeny"]
[Black "Darini, Pouria"]
[Result "1-0"]
[WhiteTitle ""]
[BlackTitle ""]
[WhiteElo "2694"]
[BlackElo "2405"]
[WhiteFideId "4147235"]
[BlackFideId "12502200"]
[EventDate "2023.02.03"]

1. e4 e5 2. Nf3 Nc6 3. Bb5 Nf6 4. O-O Nxe4 5. Re1 Nd6 6. Nxe5 Be7 7. Bf1 Nxe5 8.
Rxe5 O-O 9. Nc3 Ne8 10. d4 Bf6 11. Re1 d5 12. Bf4 c6 13. Be5 Bxe5 14. dxe5 f6
15. Qd4 Qb6 16. Rad1 Bf5 17. Qxb6 axb6 18. Rd2 fxe5 19. Rxe5 Nd6 20. f3 Rfe8 21.
Rxe8+ Rxe8 22. Kf2 b5 23. a3 Nc4 24. Bxc4 bxc4 25. a4 Kf7 26. b3 cxb3 27. cxb3
Ke7 28. b4 Kd6 29. a5 Kc7 30. Na4 h6 31. Re2 Rxe2+ 32. Kxe2 Bc2 33. Nc5 Bf5 34.
g4 Bc8 35. Na4 Kd6 36. Ke3 g6 37. Kd4 h5 38. h3 Be6 39. Nc5 Bc8 40. Nd3 Bd7 41.
Nf4 Be8 42. g5 Bf7 43. Nd3 Be6 44. h4 Bf5 45. Ne5 Bb1 46. f4 Bf5 47. Nf3 Be4 48.
Nd2 Bf5 49. Nb3 Bg4 50. Nc5 Bc8 51. f5 gxf5 52. Nd3 Be6 53. Nf4 Bg8 54. Nxh5 Kc7
55. Kc5 1-0

[Event "Airthings Masters - Torneo Preliminare"]
[Site "Internet"]
[Date "03.02.2023"]
[Round "9"]
[White "Safarli, Eltaj"]
[Black "Pichot, Alan"]
[Result "1/2-1/2"]
[WhiteTitle ""]
[BlackTitle ""]
[WhiteElo "2608"]
[BlackElo "2638"]
[WhiteFideId "13402129"]
[BlackFideId "110973"]
[EventDate "2023.02.03"]

1. e4 e5 2. Nf3 Nc6 3. Bb5 a6 4. Ba4 Nf6 5. Nc3 b5 6. Bb3 Be7 7. a4 Rb8 8. axb5
axb5 9. d3 h6 10. Nd5 d6 11. c3 O-O 12. O-O Bd7 13. h3 Re8 14. Nh2 Bf8 15. Nxf6+
Qxf6 16. f4 Be6 17. Ng4 Qh4 18. f5 Bxb3 19. Qxb3 h5 20. Nh2 Be7 21. Be3 Nd8 22.
Ba7 Rb7 23. Bf2 Qf4 24. Qd1 Qh6 25. Nf3 Nc6 26. Ra6 Nb8 27. Ra8 Rd8 28. Qe2 h4
29. Rfa1 Nd7 30. Rxd8+ Bxd8 31. Ra8 Rb8 32. Rxb8 Nxb8 33. Qe3 Qxe3 34. Bxe3 Nd7
35. Kf1 g6 36. fxg6 fxg6 37. Ke2 Kf7 38. d4 c5 39. dxe5 dxe5 40. b3 Be7 41. c4
bxc4 42. bxc4 Bf6 43. Kd3 Bd8 44. Kc2 Be7 45. Kb3 Ke6 46. Ka4 Nf6 47. Ng5+ Kd7
48. Kb5 Ne8 49. Nf7 Ke6 50. Ng5+ Kd7 51. Nf7 Ke6 52. Ng5+ Kd7 1/2-1/2

[Event "Airthings Masters - Torneo Preliminare"]
[Site "Internet"]
[Date "03.02.2023"]
[Round "9"]
[White "Durarbayli, Vasif"]
[Black "Mamedov, Rauf"]
[Result "0-1"]
[WhiteTitle ""]
[BlackTitle ""]
[WhiteElo "2635"]
[BlackElo "2646"]
[WhiteFideId "13402935"]
[BlackFideId "13401653"]
[EventDate "2023.02.03"]

1. e4 c5 2. Nf3 Nc6 3. Bb5 g6 4. O-O Bg7 5. c3 Nf6 6. Re1 O-O 7. d4 d5 8. e5 Ne4
9. Be3 cxd4 10. cxd4 Qb6 11. Bxc6 Qxc6 12. Nfd2 f5 13. Nb3 f4 14. Bc1 a5 15. a4
b6 16. f3 Ng5 17. Nc3 Ba6 18. Bd2 Ne6 19. Ne2 Rac8 20. Bc3 g5 21. h3 h5 22. Nd2
Qd7 23. Qb1 Qe8 24. Kf2 Qf7 25. Ra3 Rc6 26. Rh1 Rd8 27. Re1 Rf8 28. Rh1 Rfc8 29.
Re1 Bf8 30. Rg1 Ng7 31. g4 fxg3+ 32. Rxg3 Rg6 33. h4 g4 34. Ra1 Nf5 35. Nf4 Rh6
36. fxg4 Nxg3 37. Kxg3 hxg4 38. Qc2 e6 39. Rh1 Be7 40. Nb1 Kg7 41. Qd1 Bxh4+ 42.
Rxh4 Rxh4 43. Kxh4 Qxf4 44. Qxg4+ Qxg4+ 45. Kxg4 Rc4 46. b3 Rc8 47. Bd2 Rc2 48.
Bg5 Be2+ 49. Kg3 Kf7 50. Nd2 Bd1 51. Kf2 Rc3 52. Bd8 Rd3 53. Ke1 Bxb3 54. Bxb6
Bxa4 55. Ke2 Bb5 0-1

[Event "Airthings Masters - Torneo Preliminare"]
[Site "Internet"]
[Date "03.02.2023"]
[Round "9"]
[White "Rustemov, Alexander"]
[Black "Kevlishvili, Robby"]
[Result "0-1"]
[WhiteTitle ""]
[BlackTitle ""]
[WhiteElo "2525"]
[BlackElo "2537"]
[WhiteFideId "4119002"]
[BlackFideId "1040634"]
[EventDate "2023.02.03"]

1. d4 d5 2. c4 e6 3. Nc3 a6 4. cxd5 exd5 5. Nf3 c6 6. Bf4 Bd6 7. Bxd6 Qxd6 8. e3
Ne7 9. Qb3 O-O 10. Be2 Nf5 11. O-O Qe7 12. Qa3 Nd6 13. Na4 Nd7 14. Rfc1 Re8 15.
Nc5 Nxc5 16. Qxc5 Bg4 17. Rc2 Rad8 18. Ne5 Bxe2 19. Rxe2 Qg5 20. Rae1 f6 21. Nd3
Nf5 22. Nf4 Nh4 23. Kh1 Qf5 24. Qc2 Qg5 25. b4 Nf5 26. g3 Qg4 27. Rd2 g5 28. Nd3
Re7 29. Qd1 Qh3 30. Rg1 Rde8 31. Qf1 Qg4 32. Qg2 Nd6 33. h3 Qf5 34. a4 Ne4 35.
Rdd1 Nc3 36. Rd2 Nxa4 37. Nc5 Nb6 38. Re2 Nc4 39. Rge1 b6 40. Nb3 Qd3 41. Nc1
Qa3 42. Qf3 Kg7 43. h4 h6 44. Qf5 Nd6 45. Qc2 Qxb4 46. Qxc6 Ne4 47. Qxd5 Nxf2+
48. Kg1 Ng4 49. Qf3 Re4 50. Nd3 Qb5 51. Ne5 R4xe5 52. Qxg4 Re4 53. Qf3 Qd7 54.
hxg5 hxg5 55. Rh2 Qg4 56. Qxg4 Rxg4 57. Kf2 Rge4 58. Kf3 g4+ 59. Kf2 Rc8 60. Re2
b5 61. Ra2 Rc3 62. Rxa6 Rexe3 63. Ra7+ Kg6 64. Rhh7 Rxg3 65. Rad7 Rcf3+ 66. Ke2
Rg2+ 67. Ke1 Kg5 68. d5 Ra3 69. Kf1 Rd2 70. Rhe7 Kf4 71. Re2 Ra1+ 72. Re1 Rxe1+
73. Kxe1 Rd4 74. d6 Ke5 75. Rb7 Rxd6 76. Rxb5+ Kf4 77. Rb4+ Kg5 78. Kf2 f5 79.
Rb3 f4 80. Rb8 Rd2+ 81. Kg1 Kh4 82. Rb3 f3 83. Rb1 Kg3 84. Rf1 Rg2+ 85. Kh1 Rh2+
86. Kg1 f2+ 0-1

[Event "Airthings Masters - Torneo Preliminare"]
[Site "Internet"]
[Date "03.02.2023"]
[Round "9"]
[White "Maghsoodloo, Parham"]
[Black "Petrosyan, Manuel"]
[Result "1/2-1/2"]
[WhiteTitle ""]
[BlackTitle ""]
[WhiteElo "2728"]
[BlackElo "2634"]
[WhiteFideId "12539929"]
[BlackFideId "13300857"]
[EventDate "2023.02.03"]

1. e4 e5 2. Nf3 Nc6 3. Bc4 Bc5 4. O-O Nf6 5. d3 d6 6. c3 h6 7. Re1 O-O 8. h3 Bb6
9. Nbd2 Ne7 10. a4 c6 11. Bb3 Ng6 12. Nf1 Re8 13. Ng3 d5 14. Be3 Be6 15. exd5
Bxd5 16. Bc2 Bxe3 17. Rxe3 c5 18. Bb3 Bxb3 19. Qxb3 Qd5 20. Qc2 Qc6 21. Rae1 Nd5
22. Re4 Ndf4 23. h4 h5 24. Qd1 Rad8 25. d4 exd4 26. Rxe8+ Rxe8 27. Rxe8+ Qxe8
28. cxd4 Qd7 29. d5 Qxd5 30. Qe1 Qe6 31. Qa5 Qb6 32. Qd2 Qc7 33. Ne4 Ne6 34. Qd5
Ngf4 35. Qf5 Ne2+ 36. Kh1 Qf4 37. Qd5 N2d4 38. Ned2 Nxf3 39. Nxf3 Qxa4 40. Qxb7
Qd1+ 41. Kh2 Qd6+ 42. g3 Qd3 43. Kg2 Qf5 44. Nd2 Qg4 45. Kh2 Qe2 46. Ne4 Qc2 47.
Kg2 Qe2 48. Nd6 Kh7 49. Qxf7 Qg4 50. Kh2 Nd4 51. Qd5 Nf3+ 52. Kg2 Nxh4+ 53. Kf1
Ng6 54. Ne4 h4 55. Ng5+ Kh6 56. Nf7+ Kh7 57. Ng5+ Kh6 58. Nf7+ Kh7 59. Ng5+ 1/2-1/2

[Event "Airthings Masters - Torneo Preliminare"]
[Site "Internet"]
[Date "03.02.2023"]
[Round "9"]
[White "Iniyan, P"]
[Black "Sadhwani, Raunak"]
[Result "0-1"]
[WhiteTitle ""]
[BlackTitle ""]
[WhiteElo "2514"]
[BlackElo "2627"]
[WhiteFideId "25002767"]
[BlackFideId "35093487"]
[EventDate "2023.02.03"]

1. d4 Nf6 2. c4 e6 3. Nf3 d5 4. Nc3 Bb4 5. cxd5 exd5 6. Bg5 h6 7. Bh4 O-O 8. e3
Bf5 9. Qb3 Bxc3+ 10. Qxc3 Nbd7 11. Nd2 Rc8 12. b4 Re8 13. Be2 Ne4 14. Nxe4 Qxh4
15. Ng3 Be6 16. O-O Nf6 17. f3 Bd7 18. Rae1 Re7 19. Bd3 Rce8 20. Bc2 g6 21. a4
h5 22. e4 dxe4 23. fxe4 Qg5 24. Qf3 Ng4 25. h3 h4 26. Nh1 Qd2 27. Qd3 Qxd3 28.
Bxd3 Nh6 29. a5 Nf5 30. d5 Nd6 31. Rc1 c6 32. Nf2 Kg7 33. Rfd1 cxd5 34. exd5 Re3
35. Rc7 R8e7 36. a6 bxa6 37. Rxa7 Bb5 38. Rxe7 Rxe7 39. Bxb5 axb5 40. Rc1 Nf5
41. Nd3 Re2 42. Nf4 Rd2 43. Kf1 Rd4 44. Ne2 Rxb4 45. Kf2 Rb2 46. Kf3 Kf6 47. Nc3
Rb3 48. Kf4 g5+ 49. Ke4 Rb4+ 50. Kf3 Rf4+ 51. Ke2 Nd6 52. Kd3 b4 53. Ne2 Rf2 54.
Rc6 Ke5 55. Nd4 Kxd5 56. Rb6 Rxg2 57. Nc2 Rg3+ 58. Ne3+ Rxe3+ 59. Kxe3 Nc4+ 0-1

[Event "Airthings Masters - Torneo Preliminare"]
[Site "Internet"]
[Date "03.02.2023"]
[Round "9"]
[White "Demidov, Mikhail"]
[Black "Deac, Bogdan-Daniel"]
[Result "1/2-1/2"]
[WhiteTitle ""]
[BlackTitle ""]
[WhiteElo "2575"]
[BlackElo "2700"]
[WhiteFideId "4197143"]
[BlackFideId "1226380"]
[EventDate "2023.02.03"]

1. Nf3 d5 2. d4 Nf6 3. Bf4 c5 4. dxc5 e6 5. e3 Bxc5 6. Be2 Qb6 7. Qc1 O-O 8. O-O
Nc6 9. Nbd2 Nh5 10. Bg5 h6 11. Bh4 g5 12. Bg3 Nxg3 13. hxg3 Rd8 14. Nb3 Bf8 15.
c4 dxc4 16. Qxc4 Bg7 17. Rab1 Bd7 18. Nc5 Be8 19. b4 Rac8 20. Rfc1 Ne7 21. a3 a6
22. Qb3 Bc6 23. Bc4 Bd5 24. Bxd5 Nxd5 25. Rc4 Qa7 26. Rbc1 b6 27. Ne4 Rxc4 28.
Qxc4 b5 29. Qb3 a5 30. Nc5 axb4 31. axb4 Ra8 32. e4 Nb6 33. Qd1 Nc4 34. Rb1 Qa2
35. Rc1 Qb2 36. Nd3 Qa3 37. Qc2 Rd8 38. Rd1 Qc3 39. Qe2 Qb3 40. g4 Ra8 41. Qe1
Qc3 42. Qe2 Qb3 43. Qe1 Qc2 44. e5 Rd8 45. Qf1 Bf8 46. Kh2 Rd5 47. Kg3 Bg7 48.
Kh3 Bf8 49. Kg3 Qc3 50. Qe2 Bg7 51. Kh2 Rd8 52. g3 Rd5 53. Kg2 Bf8 54. Nc5 Rxd1
55. Qxd1 Qxb4 56. Nd7 Be7 57. Nf6+ Bxf6 58. exf6 Qf8 59. Qd7 Qb8 60. Qc6 Kf8 61.
Qc5+ Kg8 62. Qc6 Na5 63. Qa6 Nc4 64. Qc6 1/2-1/2

[Event "Airthings Masters - Torneo Preliminare"]
[Site "Internet"]
[Date "03.02.2023"]
[Round "9"]
[White "Theodorou, Nikolas"]
[Black "Kravtsiv, Martyn"]
[Result "0-1"]
[WhiteTitle ""]
[BlackTitle ""]
[WhiteElo "2584"]
[BlackElo "2598"]
[WhiteFideId "4262875"]
[BlackFideId "14113147"]
[EventDate "2023.02.03"]

1. d4 d5 2. c4 e6 3. Nf3 Nf6 4. g3 Bb4+ 5. Bd2 Be7 6. Bg2 O-O 7. O-O c6 8. Qc2
Nbd7 9. Bf4 a5 10. Nbd2 Nh5 11. Be5 f6 12. Bf4 Nxf4 13. gxf4 Bd6 14. e3 Qe7 15.
Kh1 b6 16. cxd5 cxd5 17. f5 Ba6 18. Rg1 Rfc8 19. Qd1 Bb7 20. Nh4 e5 21. Nf1 exd4
22. exd4 Bf4 23. Qg4 Bh6 24. Ng3 Re8 25. Nh5 Kh8 26. Bf3 Nf8 27. Nf4 Rad8 28.
Rg3 Qd6 29. Nh5 Re7 30. Rag1 Bc8 31. Rh3 Rde8 32. Ng2 g6 33. Nxf6 Bxf5 34. Nxe8
Bxg4 35. Nxd6 Bxh3 36. Bxd5 Rd7 37. Nf7+ Kg7 38. Nxh6 Rxd5 39. Nf4 Rxd4 40. Nxh3
Kxh6 41. Rg3 Ne6 42. Kg2 Kg7 43. Re3 Kf6 44. Ng1 Rb4 45. b3 Rg4+ 46. Kf1 Nd4 47.
Nf3 Nxf3 48. Rxf3+ Ke5 49. Ke2 Re4+ 50. Kd2 Rd4+ 51. Ke2 Rh4 52. h3 Re4+ 53. Kd2
Rf4 54. Re3+ Kd4 55. Rd3+ Ke5 56. Re3+ Kd5 57. Rd3+ Rd4 58. Ke3 Rxd3+ 59. Kxd3
g5 60. Ke3 Ke5 61. Kf3 Kf5 62. Ke3 g4 63. h4 h5 64. f3 g3 65. a4 Ke5 66. f4+ Kf5
67. Kf3 g2 68. Kxg2 Kxf4 69. Kf2 Kg4 70. Ke3 Kxh4 71. Kf4 Kh3 72. Kf3 h4 73. Kf2
Kg4 74. Kg2 Kf4 75. Kh3 Ke4 76. b4 axb4 77. Kxh4 b3 0-1

[Event "Airthings Masters - Torneo Preliminare"]
[Site "Internet"]
[Date "03.02.2023"]
[Round "9"]
[White "Haub, Thorsten Michael"]
[Black "Kobo, Ori"]
[Result "1-0"]
[WhiteTitle ""]
[BlackTitle ""]
[WhiteElo "2414"]
[BlackElo "2548"]
[WhiteFideId "4610776"]
[BlackFideId "2812320"]
[EventDate "2023.02.03"]

1. Nf3 Nf6 2. g3 d5 3. Bg2 c5 4. O-O g6 5. d3 Bg7 6. Nbd2 Nc6 7. e4 O-O 8. c3 e5
9. exd5 Nxd5 10. Nc4 Re8 11. Ng5 h6 12. Ne4 Bf8 13. Ned6 Bxd6 14. Bxd5 Bf8 15.
Qf3 Be6 16. Bxe6 Rxe6 17. a4 Qd7 18. Be3 Qxd3 19. Na3 e4 20. Rfd1 Ne5 21. Qf4
Qe2 22. Rab1 Qh5 23. Kg2 Rc8 24. Rd5 Nd3 25. Rxh5 Nxf4+ 26. Bxf4 gxh5 27. Rd1 c4
28. Nb5 a6 29. Nd4 Ree8 30. Nf5 Rcd8 31. Re1 Kh7 32. a5 Rd5 33. Ne3 Rxa5 34.
Nxc4 Rd5 35. Re2 Re6 36. h4 b5 37. Ne3 Rd3 38. Nc2 Bc5 39. Re1 a5 40. Re2 a4 41.
Re1 f5 42. Re2 Re7 43. Ne1 Rd1 44. Nc2 Red7 45. Kh2 Rb1 46. Nd4 Bxd4 47. Rd2 b4
48. cxd4 a3 49. bxa3 bxa3 50. Ra2 Rb3 51. Bc1 Ra7 52. d5 Rd3 53. d6 Rxd6 54.
Rxa3 Rb7 55. Be3 Rb1 56. Ra7+ Kg6 57. Ra2 Rdd1 58. g4 Rh1+ 59. Kg3 Rbg1+ 60. Kf4
Rxg4+ 61. Ke5 Rgxh4 62. Ra6+ Kf7 63. Kxf5 R1h3 64. Ra7+ Ke8 65. Ke6 Kd8 66. Bd4
Rd3 67. Bf6+ Kc8 68. Bxh4 e3 69. fxe3 Rxe3+ 70. Kf6 Re4 71. Bg3 Rg4 72. Be5 h4
73. Rc7+ Kd8 74. Rh7 h3 75. Ke6 Kc8 76. Rc7+ Kd8 77. Rc3 Re4 78. Rxh3 Ra4 79.
Rb3 Rc4 80. Bd6 h5 81. Rg3 Rg4 82. Rf3 Rg6+ 83. Kd5 Rg1 84. Kc6 Rc1+ 85. Bc5 Re1
86. Rf8+ Re8 87. Rf7 Re1 88. Rh7 h4 89. Rxh4 Re6+ 90. Bd6 Re1 91. Rf4 Rc1+ 92.
Bc5 Re1 93. Rf6 Re2 94. Rf8+ Re8 95. Rf1 Re2 96. Bd6 Rc2+ 97. Bc5 Re2 98. Rf3
Re1 99. Bb4 Rc1+ 100. Bc3 Ke7 101. Kd5 Rd1+ 102. Bd4 Rh1 103. Bc5+ Ke8 104. Kc6
Rh6+ 105. Bd6 Rh8 106. Rf6 Rg8 107. Kd5 Kd7 108. Rf7+ Kc8 109. Ra7 Rg1 110. Kc6
Rc1+ 111. Bc5 Kb8 112. Rh7 Rd1 113. Rh8+ Rd8 114. Rxd8# 1-0

[Event "Airthings Masters - Match Preliminari"]
[Site "Internet"]
[Date "03.02.2023"]
[Round "P1.1"]
[White "Nepomniachtchi, Ian"]
[Black "Mamedov, Rauf"]
[Result "1/2-1/2"]
[WhiteTitle ""]
[BlackTitle ""]
[WhiteElo "2793"]
[BlackElo "2646"]
[WhiteFideId "4168119"]
[BlackFideId "13401653"]
[EventDate "2023.02.03"]
[EventType "k.o."]

1. e4 c5 2. Nf3 d6 3. d4 cxd4 4. Nxd4 Nf6 5. Nc3 g6 6. f3 Bg7 7. Be3 Nc6 8. Qd2
O-O 9. O-O-O d5 10. exd5 Nxd5 11. Nxc6 bxc6 12. Bd4 e5 13. Bc5 Be6 14. Bc4 Nxc3
15. Qxc3 Qg5+ 16. Kb1 e4 17. Bd4 Bxd4 18. Qxd4 Bxc4 19. Qxc4 e3 20. g3 Rad8 21.
Qe2 Rfe8 22. f4 Rxd1+ 23. Rxd1 Qf5 24. a3 Qe4 25. Re1 h5 26. Qd3 Qf3 27. Qd7 Re6
28. Qd8+ Kg7 29. Qd4+ Kg8 30. Qd8+ Kg7 31. Qd4+ Kg8 32. Qd8+ 1/2-1/2

[Event "Airthings Masters - Match Preliminari"]
[Site "Internet"]
[Date "03.02.2023"]
[Round "P1.1"]
[White "Caruana, Fabiano"]
[Black "Sarana, Alexey"]
[Result "1-0"]
[WhiteTitle ""]
[BlackTitle ""]
[WhiteElo "2766"]
[BlackElo "2668"]
[WhiteFideId "2020009"]
[BlackFideId "24133795"]
[EventDate "2023.02.03"]
[EventType "k.o."]

1. d4 Nf6 2. c4 e6 3. Nf3 d5 4. Nc3 Nbd7 5. e3 a6 6. b3 b6 7. Bd3 Bb7 8. O-O Bd6
9. Bb2 O-O 10. Rc1 dxc4 11. bxc4 c5 12. d5 exd5 13. Nxd5 Nxd5 14. cxd5 b5 15.
Bf5 Re8 16. e4 c4 17. Re1 Ne5 18. Nxe5 Bxe5 19. Bxe5 Rxe5 20. f4 Qb6+ 21. Kh1
Ree8 22. e5 Rad8 23. d6 Qf2 24. Qg4 g6 25. Bb1 b4 26. Rf1 Qd4 27. Rfd1 Qc5 28.
h4 c3 29. h5 Qe3 30. Re1 Qd2 31. Rcd1 Qf2 32. Re2 Bc8 33. d7 Bxd7 34. Rxd7 Qf1+
35. Kh2 Qxb1 36. e6 f6 37. Rxd8 Rxd8 38. e7 Re8 39. Qe6+ Kg7 40. h6+ Kxh6 41.
Qf7 Qf5 42. Qxe8 Qh5+ 43. Kg3 Qxe2 44. Qf8+ Kh5 45. e8=Q Qd3+ 46. Kh2 Qd4 47.
Qe2+ Kh4 48. Qh6# 1-0

[Event "Airthings Masters - Match Preliminari"]
[Site "Internet"]
[Date "03.02.2023"]
[Round "P1.1"]
[White "Guseinov, Gadir"]
[Black "Pichot, Alan"]
[Result "0-1"]
[WhiteTitle ""]
[BlackTitle ""]
[WhiteElo "2661"]
[BlackElo "2638"]
[WhiteFideId "13401378"]
[BlackFideId "110973"]
[EventDate "2023.02.03"]
[EventType "k.o."]

1. e4 c5 2. Nc3 d6 3. Bb5+ Bd7 4. Bxd7+ Qxd7 5. d4 cxd4 6. Qxd4 Nc6 7. Qd3 Nf6
8. Bg5 Qg4 9. Qb5 O-O-O 10. Bxf6 Qxg2 11. Bh4 Qxh1 12. Qf1 g5 13. Bg3 h5 14.
O-O-O h4 15. Qh3+ e6 16. f3 hxg3 17. Qxh8 Be7 18. Qh7 gxh2 19. Nge2 Qg2 20. Kb1
Bf6 21. Qg7 Bxg7 0-1

[Event "Airthings Masters - Match Preliminari"]
[Site "Internet"]
[Date "03.02.2023"]
[Round "P1.1"]
[White "Yakubboev, Nodirbek"]
[Black "Durarbayli, Vasif"]
[Result "1-0"]
[WhiteTitle ""]
[BlackTitle ""]
[WhiteElo "2630"]
[BlackElo "2635"]
[WhiteFideId "14203987"]
[BlackFideId "13402935"]
[EventDate "2023.02.03"]
[EventType "k.o."]

1. c4 Nf6 2. Nc3 c5 3. Nf3 e6 4. g3 b6 5. Bg2 Bb7 6. O-O Be7 7. Re1 Ne4 8. Nxe4
Bxe4 9. d3 Bb7 10. e4 d6 11. Qe2 Nd7 12. b3 O-O 13. Bb2 Qc7 14. Rad1 Rfe8 15. h4
Ne5 16. d4 cxd4 17. Nxd4 a6 18. h5 h6 19. Nf3 Rad8 20. Nh2 Bf8 21. f4 Nd7 22.
Ng4 Qc5+ 23. Bd4 Qxh5 24. Bxb6 Rc8 25. e5 Bxg2 26. Kxg2 d5 27. cxd5 Qg6 28. Bf2
Rc2 29. Qe4 Qxe4+ 30. Rxe4 exd5 31. Rxd5 f5 32. Ne3 Rxa2 33. Ra4 Rxa4 34. bxa4
Nc5 35. Nxf5 Nxa4 36. Bd4 Rb8 37. e6 g6 38. e7 gxf5 39. Rd8 1-0

[Event "Airthings Masters - Match Preliminari"]
[Site "Internet"]
[Date "03.02.2023"]
[Round "P1.1"]
[White "Grischuk, Alexander"]
[Black "Deac, Bogdan-Daniel"]
[Result "1/2-1/2"]
[WhiteTitle ""]
[BlackTitle ""]
[WhiteElo "2745"]
[BlackElo "2700"]
[WhiteFideId "4126025"]
[BlackFideId "1226380"]
[EventDate "2023.02.03"]
[EventType "k.o."]

1. d4 Nf6 2. Nf3 d5 3. Bg5 Ne4 4. Bh4 c5 5. e3 cxd4 6. Nxd4 Nc6 7. Nd2 Nd6 8. c3
g6 9. Qb3 Qa5 10. Bg3 e6 11. Be2 Be7 12. O-O O-O 13. Rfd1 Rd8 14. a4 Bd7 15. Nb5
Ne8 16. Qa2 Rdc8 17. e4 a6 18. Nb3 Qd8 19. exd5 exd5 20. N5d4 h5 21. h3 Nf6 22.
Bf3 Nxd4 23. Nxd4 Bc6 24. c4 Qd7 25. Bh4 Rd8 26. Nxc6 bxc6 27. cxd5 Nxd5 28.
Bxe7 Qxe7 29. Bxd5 cxd5 30. Rxd5 Rab8 31. Rxd8+ Qxd8 32. Qc4 Rxb2 33. Qxa6 Rxf2
34. Kxf2 Qd4+ 35. Ke2 Qb2+ 36. Kf3 Qc3+ 37. Ke2 Qb2+ 38. Kf3 Qc3+ 39. Ke2 Qb2+ 1/2-1/2